A Friendly Guide to Data Science

Sparad:
Bibliografiska uppgifter
Huvudupphov: Vincent
Materialtyp: Bok
Utgiven: Apress
Taggar: Lägg till en tagg
Inga taggar, Lägg till första taggen!

MARC

LEADER 00000nam a2200000Ia 4500
005 20260513122048.0
020 |a 9798868811685 
100 |a Vincent 
365 |c € 
365 |b 28.00 
942 |c BK 
245 |a A Friendly Guide to Data Science 
260 |b Apress 
999 |c 2  |d 2 
952 |0 0  |1 0  |4 0  |7 0  |a UNSW  |b UNSW  |d 2026-05-06  |g 44.99  |i 16684  |l 0  |p 000124  |r 2026-05-13 12:20:49  |v 44.99  |w 2026-05-13  |y BK